[Event "National Elementary Championship"]
[Site "Columbus, Ohio, United States"]
[Date "2022.05.14"]
[Round "4.17"]
[White "Goodrich, Elliot"]
[Black "Shangin, Lev"]
[Result "1-0"]
[TimeControl "G/90;d5"]
[WhiteElo "1868"]
[BlackElo "1632"]

1. e4 {[%clk 01:30:00]} c5 {[%clk 01:29:50]} {[%emt 00:00:15]} 2. Nf3 {[%clk
01:30:00]} {[%emt 00:00:03]} Nc6 {[%clk 01:29:41]} {[%emt 00:00:15]} 3. d4
{[%clk 01:30:00]} {[%emt 00:00:04]} cxd4 {[%clk 01:29:25]} {[%emt 00:00:23]} 4.
Nxd4 {[%clk 01:30:00]} {[%emt 00:00:02]} g6 {[%clk 01:29:25]} {[%emt 00:00:05]}
5. Nc3 {[%clk 01:30:00]} {[%emt 00:00:03]} Bg7 {[%clk 01:29:07]} {[%emt
00:00:23]} 6. Be3 {[%clk 01:30:00]} {[%emt 00:00:04]} Nf6 {[%clk 01:29:04]}
{[%emt 00:00:08]} 7. Bc4 {[%clk 01:29:58]} {[%emt 00:00:08]} O-O {[%clk
01:28:50]} {[%emt 00:00:19]} 8. Bb3 {[%clk 01:29:58]} {[%emt 00:00:04]} d6
{[%clk 01:28:36]} {[%emt 00:00:18]} 9. f3 {[%clk 01:29:54]} {[%emt 00:00:08]}
Bd7 {[%clk 01:28:17]} {[%emt 00:00:24]} 10. Qd2 {[%clk 01:29:54]} {[%emt
00:00:06]} Rc8 {[%clk 01:27:52]} {[%emt 00:00:30]} 11. h4 {[%clk 01:29:41]}
{[%emt 00:00:18]} h5 {[%clk 01:27:34]} {[%emt 00:00:23]} 12. g4 {[%clk
01:29:32]} {[%emt 00:00:14]} Ne5 {[%clk 01:26:07]} {[%emt 00:01:31]} 13. Bh6
{[%clk 01:28:09]} {[%emt 00:01:29]} Kh7 {[%clk 01:17:04]} {[%emt 00:09:08]} 14.
Bxg7 {[%clk 01:27:49]} {[%emt 00:00:25]} Kxg7 {[%clk 01:17:04]} {[%emt
00:00:04]} 15. gxh5 {[%clk 01:27:04]} {[%emt 00:00:50]} Nxh5 {[%clk 01:16:35]}
{[%emt 00:00:34]} 16. O-O-O {[%clk 01:26:45]} {[%emt 00:00:24]} a6 {[%clk
01:14:17]} {[%emt 00:02:23]} 17. Rdg1 {[%clk 01:26:12]} {[%emt 00:00:37]} b5
{[%clk 01:11:01]} {[%emt 00:03:21]} 18. Qg5 {[%clk 01:25:46]} {[%emt 00:00:31]}
Kh7 {[%clk 01:09:47]} {[%emt 00:01:19]} 19. Nf5 {[%clk 01:25:07]} {[%emt
00:00:45]} Bxf5 {[%clk 01:09:14]} {[%emt 00:00:38]} 20. exf5 {[%clk 01:25:01]}
{[%emt 00:00:11]} Qe8 {[%clk 01:05:46]} {[%emt 00:03:34]} 21. Qe3 {[%clk
01:15:58]} {[%emt 00:09:07]} e6 {[%clk 00:59:27]} {[%emt 00:06:24]} 22. Ne4
{[%clk 01:14:48]} {[%emt 00:01:15]} Nc4 {[%clk 00:56:06]} {[%emt 00:03:27]} 23.
Bxc4 {[%clk 01:14:42]} {[%emt 00:00:10]} Rxc4 {[%clk 00:56:06]} {[%emt
00:00:05]} 24. Nxd6 {[%clk 01:14:35]} {[%emt 00:00:12]} Rxc2+ {[%clk 00:56:06]}
{[%emt 00:00:05]} 25. Kxc2 {[%clk 01:14:35]} {[%emt 00:00:04]} Qc6+ {[%clk
00:56:05]} {[%emt 00:00:06]} 26. Kb1 {[%clk 01:14:21]} {[%emt 00:00:20]} Qxd6
{[%clk 00:56:03]} {[%emt 00:00:06]} 27. fxg6+ {[%clk 01:14:13]} {[%emt
00:00:13]} fxg6 {[%clk 00:55:59]} {[%emt 00:00:08]} 28. Rd1 {[%clk 01:12:14]}
{[%emt 00:02:03]} Qc6 {[%clk 00:55:51]} {[%emt 00:00:13]} 29. Qa7+ {[%clk
01:10:40]} {[%emt 00:01:40]} Kh6 {[%clk 00:55:41]} {[%emt 00:00:15]} 30. Rd7
{[%clk 01:10:15]} {[%emt 00:00:30]} Nf6 {[%clk 00:55:38]} {[%emt 00:00:08]} 31.
Rd3 {[%clk 01:09:21]} {[%emt 00:00:58]} Rc8 {[%clk 00:55:13]} {[%emt 00:00:31]}
32. Rc3 {[%clk 01:09:10]} {[%emt 00:00:16]} Qa8 {[%clk 00:54:56]} {[%emt
00:00:23]} 33. Qe3+ {[%clk 01:09:01]} {[%emt 00:00:13]} Kg7 {[%clk 00:54:40]}
{[%emt 00:00:21]} 34. Rxc8 {[%clk 01:08:33]} {[%emt 00:00:33]} Qxc8 {[%clk
00:54:40]} {[%emt 00:00:06]} 35. Rc1 {[%clk 01:08:33]} {[%emt 00:00:05]} Qd7
{[%clk 00:54:35]} {[%emt 00:00:08]} 36. Qc3 {[%clk 01:07:33]} {[%emt 00:01:07]}
Kf7 {[%clk 00:54:02]} {[%emt 00:00:38]} 37. Qc7 {[%clk 01:07:22]} {[%emt
00:00:16]} Ke7 {[%clk 00:54:02]} {[%emt 00:00:05]} 38. Qxd7+ {[%clk 01:07:19]}
{[%emt 00:00:08]} Kxd7 {[%clk 00:53:58]} {[%emt 00:00:09]} 39. Rg1 {[%clk
01:07:19]} {[%emt 00:00:05]} Kd6 {[%clk 00:53:42]} {[%emt 00:00:21]} 40. Rxg6
{[%clk 01:07:18]} {[%emt 00:00:06]} Ke5 {[%clk 00:53:42]} {[%emt 00:00:04]} 41.
Kc2 {[%clk 01:06:55]} {[%emt 00:00:28]} Kf5 {[%clk 00:53:31]} {[%emt 00:00:16]}
42. Rh6 {[%clk 01:06:22]} {[%emt 00:00:38]} Nd5 {[%clk 00:53:28]} {[%emt
00:00:08]} 43. a3 {[%clk 01:06:13]} {[%emt 00:00:14]} b4 {[%clk 00:52:59]}
{[%emt 00:00:34]} 44. Rh5+ {[%clk 01:05:58]} {[%emt 00:00:20]} Kf4 {[%clk
00:52:51]} {[%emt 00:00:12]} 45. Rxd5 {[%clk 01:05:53]} {[%emt 00:00:11]} exd5
{[%clk 00:52:51]} {[%emt 00:00:05]} 46. axb4 {[%clk 01:05:44]} {[%emt
00:00:14]} d4 {[%clk 00:52:47]} {[%emt 00:00:10]} 47. Kd3 {[%clk 01:05:40]}
{[%emt 00:00:09]} Ke5 {[%clk 00:52:39]} {[%emt 00:00:13]} 48. b3 {[%clk
01:05:35]} {[%emt 00:00:10]} a5 {[%clk 00:52:25]} {[%emt 00:00:18]} 49. bxa5
{[%clk 01:05:35]} {[%emt 00:00:05]} Kf5 {[%clk 00:52:25]} {[%emt 00:00:05]} 50.
Kxd4 {[%clk 01:05:34]} {[%emt 00:00:06]} Ke6 {[%clk 00:52:17]} {[%emt
00:00:12]} 51. a6 {[%clk 01:05:34]} {[%emt 00:00:06]} 1-0

[Event "National Elementary Championship"]
[Site "Columbus, Ohio, United States"]
[Date "2022.05.14"]
[Round "4.18"]
[White "Wang, Ted"]
[Black "Zhu, Linxi"]
[Result "1-0"]
[TimeControl "G/90;d5"]
[WhiteElo "1825"]
[BlackElo "1568"]

1. e4 {[%clk 01:30:00]} {[%emt 00:00:29]} c6 {[%clk 01:29:54]} {[%emt
00:00:03]} 2. d4 {[%clk 01:30:00]} d5 {[%clk 01:29:52]} 3. Nc3 {[%clk
01:30:00]} {[%emt 00:00:14]} dxe4 {[%clk 01:29:40]} {[%emt 00:00:19]} 4. Nxe4
{[%clk 01:29:47]} {[%emt 00:00:03]} Bf5 {[%clk 01:29:37]} {[%emt 00:00:10]} 5.
Ng3 {[%clk 01:29:42]} {[%emt 00:00:09]} Bg6 {[%clk 01:29:27]} {[%emt 00:00:11]}
6. N1e2 {[%clk 01:29:41]} {[%emt 00:00:12]} Nf6 {[%clk 01:29:04]} {[%emt
00:01:03]} 7. Nf4 {[%clk 01:29:39]} e6 {[%clk 01:27:57]} {[%emt 00:00:55]} 8.
h4 {[%clk 01:29:12]} {[%emt 00:00:18]} e5 {[%clk 01:26:32]} {[%emt 00:01:28]} 9.
dxe5 {[%clk 01:28:19]} {[%emt 00:00:56]} Qa5+ {[%clk 01:26:23]} {[%emt
00:00:15]} 10. Bd2 {[%clk 01:28:04]} {[%emt 00:00:23]} Qxe5+ {[%clk 01:26:13]}
{[%emt 00:00:12]} 11. Be2 {[%clk 01:28:02]} {[%emt 00:00:13]} Qxb2 {[%clk
01:25:35]} {[%emt 00:01:07]} 12. Nxg6 {[%clk 01:27:24]} {[%emt 00:00:20]} hxg6
{[%clk 01:25:30]} {[%emt 00:00:04]} 13. O-O {[%clk 01:26:19]} {[%emt 00:01:07]}
Rxh4 {[%clk 01:24:41]} {[%emt 00:00:56]} 14. Bg5 {[%clk 01:25:38]} {[%emt
00:00:44]} Rd4 {[%clk 01:24:06]} {[%emt 00:00:48]} 15. Bd3 {[%clk 01:24:45]}
{[%emt 00:00:51]} Be7 {[%clk 01:22:36]} {[%emt 00:01:41]} 16. Rb1 {[%clk
01:23:39]} {[%emt 00:01:08]} Qxa2 {[%clk 01:21:39]} {[%emt 00:01:04]} 17. Rxb7
{[%clk 01:23:01]} {[%emt 00:00:39]} Nbd7 {[%clk 01:19:18]} {[%emt 00:02:37]} 18.
Re1 {[%clk 01:20:27]} {[%emt 00:02:29]} Rd5 {[%clk 01:17:34]} {[%emt 00:01:49]}
19. Bxf6 {[%clk 01:18:43]} {[%emt 00:01:49]} gxf6 {[%clk 01:17:26]} {[%emt
00:00:14]} 20. Qg4 {[%clk 01:16:05]} {[%emt 00:02:39]} Qa5 {[%clk 01:14:03]}
{[%emt 00:03:28]} 21. Rbb1 {[%clk 01:14:22]} {[%emt 00:01:46]} Ne5 {[%clk
01:10:37]} {[%emt 00:03:33]} 22. Qh3 {[%clk 01:13:11]} {[%emt 00:01:24]} Qd8
{[%clk 01:06:18]} {[%emt 00:04:20]} 23. Rb7 {[%clk 01:11:49]} {[%emt 00:01:27]}
Rd7 {[%clk 01:03:08]} {[%emt 00:03:18]} 24. Rxd7 {[%clk 01:05:43]} {[%emt
00:06:07]} Nxd7 {[%clk 01:02:19]} {[%emt 00:00:51]} 25. Qh8+ {[%clk 01:04:46]}
{[%emt 00:01:35]} Nf8 {[%clk 01:02:01]} 26. Qxf6 {[%clk 01:04:15]} {[%emt
00:00:57]} Ne6 {[%clk 01:02:00]} 27. Qf3 {[%clk 01:02:59]} {[%emt 00:01:23]}
Qd7 {[%clk 00:58:48]} {[%emt 00:03:02]} 28. Ne4 {[%clk 00:58:16]} {[%emt
00:04:36]} Qc7 {[%clk 00:51:12]} {[%emt 00:07:42]} 29. Nf6+ {[%clk 00:57:57]}
{[%emt 00:00:23]} Bxf6 {[%clk 00:51:03]} {[%emt 00:00:20]} 30. Qxf6 {[%clk
00:57:54]} {[%emt 00:00:04]} Qe7 {[%clk 00:50:24]} {[%emt 00:00:44]} 31. Qc3
{[%clk 00:56:56]} {[%emt 00:01:10]} Kd7 {[%clk 00:48:00]} {[%emt 00:02:31]} 32.
Rd1 {[%clk 00:55:30]} {[%emt 00:01:29]} Qc5 {[%clk 00:33:50]} {[%emt 00:14:16]}
33. Qf6 {[%clk 00:54:17]} {[%emt 00:01:06]} Ke8 {[%clk 00:31:10]} {[%emt
00:02:47]} 34. Bxg6 {[%clk 00:53:32]} {[%emt 00:00:49]} Qe7 {[%clk 00:30:55]}
{[%emt 00:00:31]} 35. Qh8+ {[%clk 00:53:25]} {[%emt 00:00:08]} Qf8 {[%clk
00:30:40]} {[%emt 00:00:13]} 36. Qe5 {[%clk 00:53:08]} {[%emt 00:00:18]} Qe7
{[%clk 00:28:47]} {[%emt 00:02:01]} 37. Be4 {[%clk 00:50:27]} {[%emt 00:02:46]}
Nd8 {[%clk 00:26:46]} {[%emt 00:02:08]} 38. Qh8+ {[%clk 00:49:57]} {[%emt
00:00:35]} Qf8 {[%clk 00:26:26]} {[%emt 00:00:35]} 39. Qf6 {[%clk 00:49:33]}
{[%emt 00:00:12]} Rc8 {[%clk 00:25:04]} {[%emt 00:01:32]} 40. Bf5 {[%clk
00:48:54]} {[%emt 00:00:44]} Ne6 {[%clk 00:22:04]} {[%emt 00:03:06]} 41. Bxe6
{[%clk 00:48:46]} {[%emt 00:00:25]} Qe7 {[%clk 00:21:27]} {[%emt 00:00:29]} 42.
Bd7+ {[%clk 00:48:38]} {[%emt 00:00:28]} Qxd7 {[%clk 00:21:11]} {[%emt
00:00:10]} 43. Rxd7 {[%clk 00:48:35]} {[%emt 00:00:10]} Kxd7 {[%clk 00:21:11]}
{[%emt 00:00:04]} 44. Qxf7+ {[%clk 00:48:32]} {[%emt 00:00:11]} Kd6 {[%clk
00:21:07]} {[%emt 00:00:04]} 45. Qxa7 {[%clk 00:48:27]} {[%emt 00:00:06]} Rc7
{[%clk 00:21:07]} {[%emt 00:00:10]} 46. Qxc7+ {[%clk 00:48:26]} {[%emt
00:00:11]} Kxc7 {[%clk 00:21:05]} {[%emt 00:00:03]} 47. f4 {[%clk 00:48:23]}
{[%emt 00:00:07]} Kd6 {[%clk 00:21:05]} {[%emt 00:00:05]} 48. Kf2 {[%clk
00:48:21]} {[%emt 00:00:08]} Ke6 {[%clk 00:20:59]} {[%emt 00:00:07]} 49. g4
{[%clk 00:48:16]} {[%emt 00:00:15]} Kd6 {[%clk 00:20:58]} {[%emt 00:00:03]} 50.
Ke3 {[%clk 00:48:16]} {[%emt 00:00:07]} Ke6 {[%clk 00:20:50]} {[%emt 00:00:08]}
51. Ke4 {[%clk 00:48:16]} {[%emt 00:00:13]} Kf6 {[%clk 00:20:50]} {[%emt
00:00:04]} 52. g5+ {[%clk 00:48:16]} Ke6 {[%clk 00:20:47]} {[%emt 00:00:08]} 53.
f5+ {[%clk 00:48:04]} {[%emt 00:00:14]} Kf7 {[%clk 00:20:46]} {[%emt 00:00:07]}
54. Ke5 {[%clk 00:48:04]} {[%emt 00:00:33]} Ke7 {[%clk 00:20:45]} 55. f6+
{[%clk 00:48:04]} {[%emt 00:00:04]} Kf7 {[%clk 00:20:37]} 56. Kf5 {[%clk
00:48:04]} Kg8 {[%clk 00:20:37]} {[%emt 00:00:07]} 57. g6 {[%clk 00:48:03]} Kf8
{[%clk 00:20:37]} 58. Ke6 {[%clk 00:48:03]} {[%emt 00:00:14]} Kg8 {[%clk
00:20:37]} 59. Ke7 {[%clk 00:47:53]} {[%emt 00:00:06]} c5 {[%clk 00:20:36]}
{[%emt 00:00:11]} 60. g7 {[%clk 00:47:49]} {[%emt 00:00:09]} c4 {[%clk
00:20:35]} {[%emt 00:00:04]} 61. c3 {[%clk 00:47:09]} {[%emt 00:00:42]} Kh7
{[%clk 00:20:31]} {[%emt 00:00:12]} 62. Kf7 {[%clk 00:47:08]} {[%emt 00:00:10]}
Kh6 {[%clk 00:20:31]} {[%emt 00:00:04]} 63. g8=Q {[%clk 00:47:08]} {[%emt
00:00:04]} Kh5 {[%clk 00:20:28]} {[%emt 00:00:05]} 64. Qg3 {[%clk 00:47:06]}
{[%emt 00:00:05]} Kh6 {[%clk 00:20:28]} {[%emt 00:00:07]} 65. Qh4+ {[%clk
00:47:06]} {[%emt 00:00:04]} 1-0

[Event "National Elementary Championship"]
[Site "Columbus, Ohio, United States"]
[Date "2022.05.14"]
[Round "4.19"]
[White "Chovanec, Alice"]
[Black "Yang, Lucas"]
[Result "1-0"]
[TimeControl "G/90;d5"]
[WhiteElo "1695"]
[BlackElo "1458"]

1. d4 {[%clk 01:30:00]} {[%emt 00:00:06]} d5 {[%clk 01:29:55]} {[%emt
00:00:37]} 2. c4 {[%clk 01:29:56]} {[%emt 00:00:06]} e6 {[%clk 01:29:53]} 3.
Nc3 {[%clk 01:29:55]} c6 {[%clk 01:29:50]} {[%emt 00:00:11]} 4. e3 {[%clk
01:29:45]} {[%emt 00:00:07]} Nf6 {[%clk 01:29:44]} {[%emt 00:00:08]} 5. Nf3
{[%clk 01:29:14]} {[%emt 00:00:32]} Nbd7 {[%clk 01:29:33]} {[%emt 00:00:26]} 6.
Bd3 {[%clk 01:28:50]} {[%emt 00:00:52]} Be7 {[%clk 01:29:12]} {[%emt 00:00:04]}
7. Qc2 {[%clk 01:28:03]} {[%emt 00:00:41]} dxc4 {[%clk 01:29:08]} {[%emt
00:00:10]} 8. Bxc4 {[%clk 01:27:53]} {[%emt 00:00:16]} b5 {[%clk 01:29:05]}
{[%emt 00:00:09]} 9. Bd3 {[%clk 01:27:19]} {[%emt 00:00:38]} Bb7 {[%clk
01:29:00]} {[%emt 00:00:10]} 10. O-O {[%clk 01:26:37]} {[%emt 00:00:56]} O-O
{[%clk 01:28:53]} {[%emt 00:00:05]} 11. e4 {[%clk 01:24:49]} {[%emt 00:02:27]}
h6 {[%clk 01:26:53]} {[%emt 00:01:28]} 12. e5 {[%clk 01:22:03]} {[%emt
00:02:51]} Nd5 {[%clk 01:26:35]} {[%emt 00:00:46]} 13. Nxd5 {[%clk 01:19:26]}
{[%emt 00:02:37]} exd5 {[%clk 01:25:27]} {[%emt 00:00:54]} 14. Qe2 {[%clk
01:14:49]} {[%emt 00:04:42]} a6 {[%clk 01:20:38]} {[%emt 00:05:03]} 15. Bf5
{[%clk 01:09:30]} {[%emt 00:05:22]} Kh8 {[%clk 01:17:32]} {[%emt 00:03:05]} 16.
Re1 {[%clk 01:04:46]} {[%emt 00:04:57]} Bc8 {[%clk 01:11:55]} {[%emt 00:05:36]}
17. e6 {[%clk 01:00:19]} {[%emt 00:04:29]} Nf6 {[%clk 01:11:38]} {[%emt
00:00:21]} 18. Ne5 {[%clk 00:54:35]} {[%emt 00:05:50]} Qb6 {[%clk 01:05:00]}
{[%emt 00:06:45]} 19. Nxf7+ {[%clk 00:51:03]} {[%emt 00:03:33]} Kg8 {[%clk
01:04:47]} {[%emt 00:00:43]} 20. Qd3 {[%clk 00:47:27]} {[%emt 00:03:11]} a5
{[%clk 01:02:48]} {[%emt 00:02:10]} 21. Qg3 {[%clk 00:45:29]} {[%emt 00:01:59]}
Rxf7 {[%clk 00:59:08]} {[%emt 00:04:11]} 22. exf7+ {[%clk 00:45:01]} {[%emt
00:00:19]} Kxf7 {[%clk 00:58:43]} {[%emt 00:00:22]} 23. Rxe7+ {[%clk 00:42:13]}
{[%emt 00:03:04]} Kxe7 {[%clk 00:57:59]} {[%emt 00:00:55]} 24. Qxg7+ {[%clk
00:41:53]} {[%emt 00:00:17]} Kd6 {[%clk 00:57:46]} {[%emt 00:00:15]} 25. Bf4#
{[%emt 00:00:41]} 1-0

[Event "National Elementary Championship"]
[Site "Columbus, Ohio, United States"]
[Date "2022.05.14"]
[Round "4.20"]
[White "Li, Mason"]
[Black "Chen, Lucas"]
[Result "1-0"]
[TimeControl "G/90;d5"]
[WhiteElo "1559"]
[BlackElo "1341"]

1. d4 {[%clk 01:30:00]} Nf6 {[%clk 01:29:58]} 2. Bf4 {[%clk 01:29:56]} {[%emt
00:00:06]} g6 {[%clk 01:29:13]} {[%emt 00:00:51]} 3. e3 {[%clk 01:29:53]}
{[%emt 00:00:19]} Bg7 {[%clk 01:28:58]} {[%emt 00:00:15]} 4. c4 {[%clk
01:29:46]} {[%emt 00:00:04]} c6 {[%clk 01:27:45]} {[%emt 00:01:27]} 5. Nc3
{[%clk 01:28:23]} {[%emt 00:01:20]} d5 {[%clk 01:26:12]} {[%emt 00:01:41]} 6.
Nf3 {[%clk 01:27:42]} {[%emt 00:00:40]} O-O {[%clk 01:25:16]} {[%emt 00:01:01]}
7. Qb3 {[%clk 01:25:01]} {[%emt 00:02:49]} Qb6 {[%clk 01:21:33]} {[%emt
00:03:41]} 8. c5 {[%clk 01:23:21]} {[%emt 00:01:56]} Qxb3 {[%clk 01:21:20]}
{[%emt 00:00:25]} 9. axb3 {[%clk 01:23:17]} Nbd7 {[%clk 01:19:21]} {[%emt
00:02:06]} 10. b4 {[%clk 01:23:11]} {[%emt 00:00:09]} Nh5 {[%clk 01:18:09]}
{[%emt 00:01:21]} 11. Bc7 {[%clk 01:20:23]} {[%emt 00:02:58]} Re8 {[%clk
01:04:30]} {[%emt 00:14:13]} 12. g4 {[%clk 01:19:37]} {[%emt 00:00:09]} Nhf6
{[%clk 01:04:19]} {[%emt 00:00:17]} 13. h3 {[%clk 01:19:32]} {[%emt 00:00:09]}
Nf8 {[%clk 01:03:40]} {[%emt 00:00:44]} 14. b5 {[%clk 01:18:31]} {[%emt
00:01:06]} Ne6 {[%clk 01:02:54]} {[%emt 00:00:51]} 15. Bg3 {[%clk 01:17:25]}
{[%emt 00:01:17]} Bd7 {[%clk 01:02:07]} {[%emt 00:00:45]} 16. Ne5 {[%clk
01:16:53]} {[%emt 00:00:41]} Red8 {[%clk 00:50:34]} {[%emt 00:12:13]} 17. Nxd7
{[%clk 01:13:46]} {[%emt 00:02:34]} Rxd7 {[%clk 00:50:00]} {[%emt 00:00:42]} 18.
b4 {[%clk 01:10:12]} {[%emt 00:03:36]} Ng5 {[%clk 00:48:46]} {[%emt 00:01:15]}
19. b6 {[%clk 01:07:27]} {[%emt 00:02:53]} a6 {[%clk 00:48:27]} {[%emt
00:00:25]} 20. b5 {[%clk 01:07:19]} {[%emt 00:00:33]} a5 {[%emt 00:01:00]} 21.
bxc6 {[%clk 01:06:00]} {[%emt 00:00:48]} bxc6 {[%clk 00:47:30]} {[%emt
00:00:24]} 22. Rb1 {[%clk 01:04:07]} {[%emt 00:01:57]} Rb7 {[%clk 00:47:06]}
{[%emt 00:00:46]} 23. Na2 {[%clk 01:02:52]} {[%emt 00:01:01]} Nge4 {[%clk
00:46:15]} {[%emt 00:00:53]} 24. Bh2 {[%clk 01:01:53]} {[%emt 00:01:07]} Nd7
{[%clk 00:40:35]} {[%emt 00:05:44]} 25. Bd3 {[%clk 00:57:36]} {[%emt 00:04:25]}
e5 {[%clk 00:38:36]} {[%emt 00:02:01]} 26. Bxe4 {[%clk 00:54:17]} {[%emt
00:03:28]} dxe4 {[%clk 00:38:26]} {[%emt 00:00:30]} 27. Rd1 {[%clk 00:54:05]}
exd4 {[%clk 00:37:41]} {[%emt 00:00:46]} 28. exd4 {[%clk 00:54:03]} {[%emt
00:00:16]} Nf6 {[%clk 00:37:20]} {[%emt 00:00:20]} 29. O-O {[%clk 00:53:39]}
{[%emt 00:00:32]} Nd5 {[%clk 00:36:31]} {[%emt 00:01:04]} 30. Rfe1 {[%clk
00:52:18]} {[%emt 00:01:12]} f5 {[%clk 00:35:44]} {[%emt 00:00:49]} 31. Rd2
{[%clk 00:48:52]} {[%emt 00:03:32]} a4 {[%clk 00:35:12]} {[%emt 00:00:56]} 32.
Rc1 {[%clk 00:46:17]} {[%emt 00:02:20]} Ra5 {[%clk 00:32:56]} {[%emt 00:02:33]}
33. Rc4 {[%clk 00:45:28]} {[%emt 00:00:44]} Bf6 {[%clk 00:31:01]} {[%emt
00:02:05]} 34. Be5 {[%clk 00:43:56]} {[%emt 00:01:51]} Bg5 {[%clk 00:30:50]}
{[%emt 00:00:03]} 35. Re2 {[%clk 00:42:38]} {[%emt 00:01:17]} a3 {[%clk
00:30:07]} {[%emt 00:00:49]} 36. Kh2 {[%clk 00:39:23]} {[%emt 00:03:19]} Rb5
{[%clk 00:29:10]} {[%emt 00:01:02]} 37. Nc3 {[%clk 00:36:49]} {[%emt 00:02:37]}
Rb2 {[%clk 00:26:48]} {[%emt 00:02:28]} 38. Rxb2 {[%clk 00:36:34]} {[%emt
00:00:36]} axb2 {[%clk 00:26:38]} 39. Nb1 {[%clk 00:36:27]} {[%emt 00:00:12]}
Bc1 {[%clk 00:25:53]} {[%emt 00:00:47]} 40. Ra4 {[%clk 00:35:57]} {[%emt
00:00:39]} Nxb6 {[%clk 00:24:18]} {[%emt 00:02:09]} 41. Rb4 {[%clk 00:35:29]}
{[%emt 00:00:03]} Ra7 {[%clk 00:22:35]} {[%emt 00:01:47]} 42. cxb6 {[%clk
00:33:24]} {[%emt 00:02:07]} Rb7 {[%clk 00:22:30]} {[%emt 00:00:14]} 43. Kg3
{[%clk 00:33:00]} {[%emt 00:00:26]} Kf7 {[%clk 00:21:56]} {[%emt 00:00:37]} 44.
Bc7 {[%clk 00:30:12]} {[%emt 00:02:55]} Ke6 {[%clk 00:21:42]} {[%emt 00:00:23]}
45. Ra4 {[%clk 00:30:03]} {[%emt 00:00:10]} Kd7 {[%clk 00:21:37]} {[%emt
00:00:14]} 46. Ra7 {[%clk 00:29:51]} {[%emt 00:00:22]} Kc8 {[%clk 00:21:35]}
{[%emt 00:00:16]} 47. Ra8+ {[%clk 00:29:38]} {[%emt 00:00:04]} Kd7 {[%clk
00:21:29]} {[%emt 00:00:08]} 48. Rd8+ {[%clk 00:29:05]} {[%emt 00:00:48]} Ke7
{[%clk 00:21:25]} 49. Rh8 {[%clk 00:27:31]} {[%emt 00:01:38]} Ke6 {[%clk
00:21:04]} {[%emt 00:00:22]} 50. Rxh7 {[%clk 00:27:09]} {[%emt 00:00:31]} g5
{[%clk 00:20:32]} {[%emt 00:00:37]} 51. Rh6+ {[%clk 00:26:08]} {[%emt
00:01:05]} Kd7 {[%clk 00:20:17]} {[%emt 00:00:26]} 52. gxf5 {[%clk 00:25:49]}
{[%emt 00:00:18]} g4 {[%clk 00:20:10]} {[%emt 00:00:31]} 53. Rd6+ {[%clk
00:25:44]} Ke7 {[%clk 00:20:04]} {[%emt 00:00:08]} 54. f6+ {[%clk 00:25:25]}
{[%emt 00:00:20]} Kf7 {[%clk 00:19:54]} {[%emt 00:00:23]} 55. Rd7+ {[%clk
00:24:46]} {[%emt 00:00:34]} Ke6 {[%clk 00:19:49]} {[%emt 00:00:13]} 56. Rd6+
{[%clk 00:24:07]} {[%emt 00:00:44]} Kf7 {[%clk 00:19:36]} {[%emt 00:00:22]} 57.
hxg4 {[%clk 00:23:55]} {[%emt 00:00:09]} Bg5 {[%clk 00:19:28]} {[%emt
00:00:16]} 58. Rxc6 {[%clk 00:22:28]} {[%emt 00:01:30]} Bxf6 {[%clk 00:19:22]}
{[%emt 00:00:16]} 59. Rxf6+ {[%clk 00:22:13]} {[%emt 00:00:16]} Kxf6 {[%clk
00:19:14]} {[%emt 00:00:13]} 60. Kf4 {[%clk 00:22:13]} {[%emt 00:00:21]} Kg6
{[%clk 00:18:54]} {[%emt 00:00:08]} 61. Kxe4 {[%clk 00:21:47]} {[%emt
00:00:55]} Kg5 {[%clk 00:18:45]} {[%emt 00:00:04]} 62. f3 {[%clk 00:21:39]}
{[%emt 00:00:04]} Kg6 {[%clk 00:18:34]} {[%emt 00:00:20]} 63. f4 {[%clk
00:21:38]} {[%emt 00:00:04]} Kf6 {[%clk 00:18:32]} {[%emt 00:00:04]} 64. g5+
{[%clk 00:21:28]} {[%emt 00:00:12]} Kg6 {[%clk 00:18:22]} {[%emt 00:00:21]} 65.
Ke5 {[%clk 00:21:22]} {[%emt 00:00:05]} Kf7 {[%clk 00:18:10]} {[%emt 00:00:19]}
66. f5 {[%clk 00:21:20]} {[%emt 00:00:10]} Kg7 {[%clk 00:18:10]} {[%emt
00:00:04]} 67. d5 {[%clk 00:21:18]} {[%emt 00:00:06]} Kf7 {[%clk 00:18:08]}
{[%emt 00:00:08]} 68. d6 {[%clk 00:21:14]} {[%emt 00:00:08]} Ke8 {[%clk
00:18:04]} {[%emt 00:00:04]} 69. Ke6 {[%clk 00:21:10]} {[%emt 00:00:33]} Kf8
{[%clk 00:18:04]} {[%emt 00:00:07]} 70. f6 {[%clk 00:20:57]} Kg8 {[%clk
00:18:00]} {[%emt 00:00:03]} 71. g6 {[%clk 00:20:52]} {[%emt 00:00:15]} Kf8
{[%clk 00:17:55]} {[%emt 00:00:05]} 72. d7 {[%clk 00:20:49]} {[%emt 00:00:10]}
Rb8 {[%clk 00:17:54]} {[%emt 00:00:03]} 73. Bxb8 {[%clk 00:20:44]} {[%emt
00:00:15]} Kg8 {[%clk 00:17:54]} 74. d8=Q# {[%emt 00:00:04]} 1-0